Flags of German State Capitals - Statistics

General Stats
  • This quiz has been taken 48 times
  • The average score is 9 of 16
Answer Stats
Picture Answer % Correct
Berlin
100%
Bremen
83%
Hamburg
83%
Munich
67%
Stuttgart
67%
Kiel
56%
Saarbrücken
56%
Dresden
50%
Magdeburg
50%
Mainz
50%
Potsdam
50%
Düsseldorf
44%
Hanover
44%
Schwerin
44%
Wiesbaden
44%
Erfurt
39%
No matching quizzes found
Score Distribution
Percent of People with Each Score
Percentile by Number Answered
Your Score History
You have not taken this quiz